00956nam a2200169Ia 4500008004100000020001500041050001900056100003200075245005100107250001700158260003400175300003600209490004100245504004000286505043900326650002100765120721s2005 mx 000 0 spa d a968243312604aBF39bM66 200510aMorales, Maria Luisaeautor13aPsicometría aplicadac / Maria Luisa Morales a2a edición aMéxicob : Trillasc , 2005 a254 páginas b: ilustraciones aBiblioteca Técnica de Psicología 6Incluye bibliografía (pp.247-249)1 aAplicación de la teoría psicométrica a los diversos campos de la Psicología Unidades de medición psicológica y normas de calificación Aplicación de las pruebas psicológicas a la medición de la inteligencia Medición de habilidades múltiples La medición psicológica aplicada al desarrollo del niño en sus diversas etapas: infante, preescolar y escolar La medición en el campo de la Psicología clínica14a1. Psicometría